000 00319nam a2200133Ia 4500
008 210707s2009 xx 000 0 und d
041 _aeng
082 _aCD202
100 _aEFY
245 _aElectronics for you January 2009
260 _c2009
650 _aElectronics
906 _a2009 Electronics for January you
999 _c177236
_d177236